松花江经过中心城区的市县 地雷模式 Towns with Songhua River Going through - Statistics

General Stats
  • This quiz has been taken 34 times
  • The average score is 3 of 10
Answers on the Grid
Answers color-coded by a green-red scale on the quiz's grid according to % correct below.
吉林市
长春
德惠
松原
哈尔滨
木兰
巴彦
扶余
榆树
五常
通河
舒兰
桦甸
肇州
蛟河
佳木斯
富锦
同江
桦川
鹤岗
依兰
延寿
抚远
双鸭山
大庆
大安
乾安
农安
安达
绥化
 
Answer Stats
Answer % Correct
吉林市
70%
哈尔滨
70%
佳木斯
61%
松原
30%
同江
26%
依兰
17%
通河
13%
富锦
13%
木兰
9%
桦川
9%
No matching quizzes found
Score Distribution
Percent of People with Each Score
Percentile by Number Answered
Your Score History
You have not taken this quiz